Entry Nombre personal
001 - NÚMERO DE CONTROL
- campo de control: 133808
003 - IDENTIFICADOR DE NÚMERO DE CONTROL
- campo de control: SpMaBN
005 - FECHA Y HORA DE LA ÚLTIMA TRANSACCIÓN
- campo de control: 20250903092441.0
008 - ELEMENTOS DE DATO DE LONGITUD-FIJA
- campo de control de longitud fija: 950418n| aijnnaabn |n aac
016 ## - NÚMERO DE CONTROL DE UNA AGENCIA BIBLIOGRÁFICA NACIONAL
- Número de control del registro: BNE19950362821
040 ## - FUENTE DE CATALOGACIÓN
- Centro catalogador/agencia de origen: SpMaBN
- Lengua de catalogación: spa
- Centro/agencia transcriptor: SpMaBN
- Normas de descripción: rdc
- Convención/Normas de encabezamiento de materia/tesauro: embne
046 ## - FECHAS CON CODIFICACIÓN ESPECIAL
- Fecha de nacimiento: 1802
- Fecha de la muerte: 1897
100 1# - ENCABEZAMIENTO-NOMBRE DE PERSONA
- Nombre de persona: Vivien de Saint Martin, Louis,
- Fechas asociadas al nombre: 1802-1897
400 1# - TRAZADO DE VÉASE--NOMBRE DE PERSONA
- Nombre de persona: Vivien de Saint-Martin, Louis,
- Fechas asociadas al nombre: 1802-1897
400 1# - TRAZADO DE VÉASE--NOMBRE DE PERSONA
- Nombre de persona: Saint-Martin, Vivien de,
- Fechas asociadas al nombre: 1802-1897
400 1# - TRAZADO DE VÉASE--NOMBRE DE PERSONA
- Nombre de persona: Vivien, Louis,
- Fechas asociadas al nombre: 1802-1897
670 ## - FUENTE DE DATOS ENCONTRADOS
- Cita de la fuente: Carte des Royaumes D'Espagne et de Portugal, 1834
- Información encontrada: (Dressée par L. Vivien Ingenieur Géographe Auteur de l'Atlas Universel ...)
670 ## - FUENTE DE DATOS ENCONTRADOS
- Cita de la fuente: WWW BN-OPALE Plus 07/03/2006
- Información encontrada: (Vivien de Saint-Martin, Louis 1802-1897 Géographe. Président honoraire de la Société de Géographie de Paris. Membre de l'Académie royale des sciences de Berlin. Membre honaraire de l'Académie royale de madrid)
670 ## - FUENTE DE DATOS ENCONTRADOS
- Cita de la fuente: WWW LC auth. file, 08/03/2006
- Información encontrada: (Vivien de SDaint-Martin, M.)
